Normal view
MARC view
Entry Personal Name
001 - CONTROL NUMBER
- control field: 2142
003 - CONTROL NUMBER IDENTIFIER
- control field: ARRUPE
005 - DATE AND TIME OF LATEST TRANSACTION
- control field: 20131007142307.0
008 - FIXED-LENGTH DATA ELEMENTS
- fixed length control field: 131007|| aca||aabn | a|a d
040 ## - CATALOGING SOURCE
- Original cataloging agency: ARRUPE
- Transcribing agency: ARRUPE
100 ## - HEADING--PERSONAL NAME
- Personal name: Betjeman, John,
- Dates associated with a name: 1906-1984,
- Relator term: comp.
670 ## - SOURCE DATA FOUND
- Source citation: Work cat.: (ARRUPE)0: Betjeman, John, 1906-1984, comp., English love poems,, [1957]